MARC details
| 000 -CABECERA |
| campo de control de longitud fija |
01651nam a2200289 a 4500 |
| 001 - NÚMERO DE CONTROL |
| campo de control |
000045049 |
| 005 - FECHA Y HORA DE LA ÚLTIMA TRANSACCIÓN |
| campo de control |
20201002045832.0 |
| 008 - DATOS DE LONGITUD FIJA--INFORMACIÓN GENERAL |
| campo de control de longitud fija |
150130s2009 dr abc 000 0 spa d |
| 020 ## - NÚMERO INTERNACIONAL ESTÁNDAR DEL LIBRO |
| ISBN cancelado o inválido |
9789945461664(v. 2) |
| 020 ## - NÚMERO INTERNACIONAL ESTÁNDAR DEL LIBRO |
| Número Internacional Estándar del Libro |
9809945461672 (v. 3) |
| 020 ## - NÚMERO INTERNACIONAL ESTÁNDAR DEL LIBRO |
| Número Internacional Estándar del Libro |
9789945461680(v.4) |
| 040 ## - FUENTE DE LA CATALOGACIÓN |
| Centro catalogador/agencia de origen |
DO-SdBNP |
| Lengua de catalogación |
spa |
| Centro/agencia transcriptor |
BNPHU |
| 082 ## - NÚMERO DE LA CLASIFICACIÓN DECIMAL DEWEY |
| Número de clasificación |
xxxx |
| Número de documento/Ítem |
xxxx |
| 100 1# - ENTRADA PRINCIPAL--NOMBRE DE PERSONA |
| Nombre de persona |
Severino, Banahi |
| 9 (RLIN) |
44156 |
| 245 10 - MENCIÓN DE TÍTULO |
| Título |
Ciencias sociales / |
| Mención de responsabilidad, etc. |
Banahi Severino, Alejandro Hernández Grullón, Juan Ricardo Hernández Polanco ;ilustraciones y fotografías Ramón Sandoval, Deyanira Féliz Moreno. |
| 250 ## - MENCIÓN DE EDICIÓN |
| Mención de edición |
3a ed. |
| 260 ## - PUBLICACIÓN, DISTRIBUCIÓN, ETC. |
| Lugar de publicación, distribución, etc. |
Santo Domingo : |
| Nombre del editor, distribuidor, etc. |
Actualidad Escolar 2000, |
| Fecha de publicación, distribución, etc. |
2009-. |
| 300 ## - DESCRIPCIÓN FÍSICA |
| Extensión |
v. : |
| Otras características físicas |
il., map. retrs. ; |
| Dimensiones |
28 cm. |
| 500 ## - NOTA GENERAL |
| Nota general |
La biblioteca posee los grados 2-4 |
| 500 ## - NOTA GENERAL |
| Nota general |
Este libro ha sido realizado de acuerdo al curriculum vigente y aprobado como libro de texto por la SEE, bajo el no. 6096 de fecha 4 de julio 2006, revisado y actualizado al 2009 |
| 500 ## - NOTA GENERAL |
| Nota general |
La catalogación fue tomada del v. 2 |
| 505 1# - NOTA DE CONTENIDO CON FORMATO |
| Nota de contenido con formato |
v. 2 : |
| Título |
Unidad 1 |
| -- |
Yo vivo en mi comunidad -- |
| -- |
Unidad 2 -- |
| -- |
¿Cómo se organiza mi comunidad? -- |
| -- |
Unidad 3 -- |
| -- |
República Dominicana es mi país -- |
| Información miscelánea |
v. 3 : |
| Título |
Familia y comunidad -- |
| -- |
Cultura y comunidad en los municipios dominicanos -- |
| -- |
República Dominicana, primeros pobladores -- |
| Información miscelánea |
v. 4 : |
| Título |
Provincias y regiones dominicanas -- |
| -- |
Relieve, hidrografía y clima de las regiones de la República Dominicana -- |
| -- |
Primeros pobladores y llegada de los españoles -- |
| 700 12 - PUNTO DE ACCESO ADICIONAL--NOMBRE DE PERSONA |
| Nombre de persona |
Hernández Polanco, Juan Ricardo |
| 9 (RLIN) |
44155 |
| 700 12 - PUNTO DE ACCESO ADICIONAL--NOMBRE DE PERSONA |
| Término indicativo de función/relación |
il. |
| 700 12 - PUNTO DE ACCESO ADICIONAL--NOMBRE DE PERSONA |
| Nombre de persona |
Féliz Moreno, Deyanira, |
| Término indicativo de función/relación |
il. |
| 9 (RLIN) |
73056 |
| 700 12 - PUNTO DE ACCESO ADICIONAL--NOMBRE DE PERSONA |
| Nombre de persona |
Hernández Grullón, Alejandro |
| 9 (RLIN) |
44157 |